000 00448nam a2200157 i 4500
001 70308
003 ES-MaACL
007 t|
008 040721s1960 sp ||||1| spa d
100 1 _aGarcía Rojo, Castor.
_955208
245 1 3 _aEl libro de la vida
_b: (sinfonías del dolor) /
_cCastor García Rojo.
250 _a1ª ed.
260 _a[S.l. :
_bs.n.,
_c1960]
300 _a1 v. :
_bretr. aut. ;
_c19 cm.
852 _aES-MaACL
_jP-713
_bR.46286
999 _c70308
_d70308